Statistics for Регије Италије

Click here to take the quiz!

General Stats

  • This quiz has been taken 114 times
  • The average score is 9 of 20

Answers on the Map

Answers color-coded by a green-red scale on the quiz's map according to % correct below.
Loading ...
 

Answer Stats

Главни ГрадРегија% Correct
ПалермоСицилија
96%
КаљариСардинија
92%
ФиренцаТоскана
84%
МиланоЛомбардија
73%
РимЛацио
62%
ТориноПијемонт
51%
КатанцароКалабрија
48%
ВенецијаВенето
45%
БолоњаЕмилија-Ромања
40%
ТрентоТрентино-Јужни Тирол
40%
ЂеноваЛигурија
38%
БариАпулија
36%
ПеруђаУмбрија
33%
НапуљКампанија
30%
АостаДолина Аосте
23%
АнконаМарке
23%
Л’АквилаАбруцо
23%
ПотенцаБазиликата
19%
ТрстФурланија-Јулијска Крајина
16%
КампобасоМолизе
15%

Score Distribution

Percentile by Number Answered

Percent of People with Each Score

Your Score History

You have not taken this quiz